Germany All-Time Greatest XI - Statistics

General Stats
  • This quiz has been taken 737 times
  • The average score is 6 of 11
Answer Stats
Answer % Correct
Manuel Neuer
95%
Gerd Müller
94%
Franz Beckenbauer
92%
Philipp Lahm
86%
Lothar Matthäus
76%
Karl-Heinz Rummenigge
52%
Fritz Walter
29%
Matthias Sammer
27%
Berti Vogts
24%
Wolfgang Overath
17%
Karl-Heinz Schnellinger
11%
No matching quizzes found
Score Distribution
Percent of People with Each Score
Percentile by Number Answered
Your Score History
You have not taken this quiz